000 00721nam a2200205Ii 4500
003 JO-AjNU
008 230605s9999||||xx |||||||||||||| ||und||
040 _aJO-AjNU
_bara
_erda
_cJO-AjNU
041 _aara
050 1 4 _aBP170.85.R43 1990
100 3 _aسرور، رفاعي,
_eauthor
_939273
245 0 0 _aقدر الدعوة: تحديد منهج الدعوة بتصور القدر والاسباب والسنن الثابتة
250 _aط1
264 3 1 _aد.م: مكتبة الحرمين للعلوم النافعة،1990
300 _a278ص
336 _atext
_btxt
_2rdacontent
337 _aunmediated
_bn
_2rdamedia
338 _avolume
_bnc
_2rdacarrier
650 4 _aالدعوة الاسلامية
_939274
999 _aA16573
_c20141
_d20141